Normal view
MARC view
- MILITRAY HISTORY MODERN MILIRAY ART AND SCIENCE HISTORY LOGISTICS HISTORY
Entry Topical Term
001 - CONTROL NUMBER
- control field: 76388
003 - CONTROL NUMBER IDENTIFIER
- control field: NUST
005 - DATE AND TIME OF LATEST TRANSACTION
- control field: 20210628205633.0
008 - FIXED-LENGTH DATA ELEMENTS
- fixed length control field: 210628|| aca||aabn | a|a d
040 ## - CATALOGING SOURCE
- Original cataloging agency: NUST
- Transcribing agency: NUST
150 ## - HEADING--TOPICAL TERM
- Topical term or geographic name entry element: MILITRAY HISTORY MODERN MILIRAY ART AND SCIENCE HISTORY LOGISTICS HISTORY
670 ## - SOURCE DATA FOUND
- Source citation: Work cat.: (NUST): CREVELD, MARTIN VAN 51470, SUPPLYING WAR LOGISTICS FROM WALLENSTEIN TO PATTON, 1978
